000 00681nam a22001817a 4500
999 _c63270
_d63270
005 20250714155316.0
008 250714s2014 en ||||| |||| 00| 0 eng d
020 _a9781907575532 X
041 _aeng
080 _a811.111.1+338.47 M-79
100 _aMol, Hans
_925639
245 _aMoving into tourism and hospitality :
_bCourse book A2-B1 /
_c Hans Mol
264 _aReading :
_bGarnet,
_c2014.
300 _a220 p.:
_b+1CD
_cill;
_e29 cm.
653 _aMoving into tourism and hospitality
653 _aსახელმძღვანელო ტურიზმისა და სტუმართმოყვარეობის შესახებ.
942 _2udc
_cBK